Normal view
MARC view
- Rodríguez Calderón, Leopoldo
Entry Nombre Personal
001 - NUMERO DE CONTROL
- campo de control: 52693
003 - IDENTIFICADOR DE NUMERO DE CONTROL
- campo de control: MX-MxUPN
005 - FECHA Y HORA DE LA ÜLTIMA TRANSACCIÓN
- campo de control: 20240705102320.0
008 - DATOS DE LONGITUD FIJA
- campo de control de longitud fija: 240705|| aca||aabn | aaa d
040 ## - FUENTE DE CATALOGACIÓN
- Agencia original de catalogación: MX-MxUPN
- Lenguaje de catalogación: spa
- Agencia de transcripción: MX-MxUPN
100 1# - ENCABEZAMIENTO - NOMBRE PERSONAL
- Nombre personal: Rodríguez Calderón, Leopoldo
670 ## - FUENTE EN LA QUE SE LOCALIZARON DATOS
- Cita de la fuente: ratamiento y educación de los niños anormales : nociones de psiquiatría infantil, 1927:
- Información localizada: portada (Leopoldo Rodríguez Calderón)
902 ## - CATALOGADOR
- Catalogador: Víctor Ruiz/050724
